| 000 | 01049cad a22002055a 4500 | ||
|---|---|---|---|
| 001 | L155747 | ||
| 008 | 120413e20120402xxk f 000 0 eng d | ||
| 035 | _a(Sirsi) u155747 | ||
| 041 | 0 | _aeng | |
| 100 | 1 | _aDonnell, Richard | |
| 245 | 0 | 0 |
_aHouse prices rise on scarcity and London effect _h[electronic resource] |
| 260 | _c2011 | ||
| 490 | 0 |
_aHometrack Monthly National Housing Survey _v2 April 2012 |
|
| 520 | _aHouse prices posted a monthly price rise for the first time in 20 months in March 2012 on the back of increased demand, activity and a scarcity of housing for sale. The ending of the first time buyer stamp duty holiday may have boosted demand but London, where prices rose by 0.5% continues to drive the national headline figure. | ||
| 590 | _aKA | ||
| 651 | 4 |
_aUnited Kingdom _y |
|
| 690 |
_aResidential property _96266 |
||
| 856 | 4 | 0 |
_uhttps://www.hometrack.co.uk/our-insight/monthly-national-house-price-survey/house-prices-rise-on-scarcity-and-london-effect _zView this item free of charge at www.hometrack.co.uk |
| 942 | _n0 | ||
| 999 |
_c113791 _d113791 |
||